MARC details
| 000 -LEADER |
| campo de control de longitud fija |
01693nam a2200457 i 4500 |
| 001 - NÚMERO DE CONTROL |
| campo de control |
193099 |
| 003 - IDENTIFICADOR DE NÚMERO DE CONTROL |
| campo de control |
SpMaBN |
| 005 - FECHA Y HORA DE LA ÚLTIMA TRANSACCIÓN |
| campo de control |
20250811110328.0 |
| 007 - CAMPO FIJO DE DESCRIPCIÓN FÍSICA--INFORMACIÓN GENERAL |
| campo de control de longitud fija |
ta |
| 008 - DATOS DE LONGITUD FIJA--INFORMACIÓN GENERAL |
| campo de control de longitud fija |
230727s1980 sp spa |
| 016 7# - NÚMERO DE CONTROL DE UNA AGENCIA BIBLIOGRÁFICA NACIONAL |
| Número de control del registro |
bimoBNE19981770432 |
| Número de control cancelado/no válido |
IND9200370407 |
| Fuente |
SpMaBN |
| 017 ## - NÚMERO DE COPYRIGHT O DE DEPÓSITO LEGAL |
| Número de copyright o de depósito legal |
O 1130-1980 |
| Agencia que asigna |
Oficina Depósito Legal Asturias |
| 020 ## - NÚMERO INTERNACIONAL ESTÁNDAR DEL LIBRO |
| Número Internacional Estándar del Libro |
8470901044 |
| 035 ## - NÚMERO DE CONTROL DEL SISTEMA |
| Número de control de sistema |
(OCoLC)432079290 |
| 035 ## - NÚMERO DE CONTROL DEL SISTEMA |
| Número de control de sistema |
bimo0000931737 |
| 040 ## - FUENTE DE CATALOGACIÓN |
| Centro catalogador/agencia de origen |
SpMaBN |
| Lengua de catalogación |
spa |
| Centro/agencia transcriptor |
A2 |
| Centro/agencia modificador |
ES-MaACL |
| 080 ## - NÚMERO DE LA CLASIFICACIÓN DECIMAL UNIVERSAL |
| Número de la Clasificación Decimal Universal |
903(46) |
| 080 ## - NÚMERO DE LA CLASIFICACIÓN DECIMAL UNIVERSAL |
| Número de la Clasificación Decimal Universal |
639.1(46) |
| 100 0# - ENTRADA PRINCIPAL--NOMBRE DE PERSONA |
| Nombre de persona |
Gómez-Tabanera, José Manuel, |
| Fechas asociadas al nombre |
1926-2011 |
| Número de control del registro de autoridad o número normalizado |
XX930276 |
| 9 (RLIN) |
58165 |
| 245 13 - MENCIÓN DEL TÍTULO |
| Título |
La caza en la prehistoria (Asturias, Cantabria, Euskal-Herria) / |
| Mención de responsabilidad, etc. |
José Manuel Gómez-Tabanera |
| 260 ## - PUBLICACIÓN, DISTRIBUCIÓN, ETC. |
| Lugar de publicación, distribución, etc. |
Madrid : |
| Nombre del editor, distribuidor, etc. |
Istmo, |
| Fecha de publicación, distribución, etc. |
D.L. 1980 |
| 300 ## - DESCRIPCIÓN FÍSICA |
| Extensión |
415 p. : |
| Otras características físicas |
il. ; |
| Dimensiones |
22 cm |
| 336 ## - TIPO DE CONTENIDO |
| Fuente |
rdacontent |
| Término de tipo de contenido |
Texto |
| 337 ## - TIPO DE MEDIO |
| Fuente |
rdamedia |
| Nombre/término del tipo de medio |
sin mediación |
| 338 ## - TIPO DE SOPORTE |
| Fuente |
rdacarrier |
| Nombre/término del tipo de soporte |
volumen |
| 490 1# - MENCIÓN DE SERIE |
| Mención de serie |
Artes técnicas humanidades ; |
| Designación de volumen o secuencia |
1 |
| 500 ## - NOTA GENERAL |
| Nota general |
Índices |
| 500 ## - NOTA GENERAL |
| Nota general |
Catalogación provisional. Signatura: N 8569. Depósito J. |
| 504 ## - NOTA DE BIBLIOGRAFÍA, ETC. |
| Nota de bibliografía, etc. |
Bibliografía: p. [392]-401 |
| 650 #7 - PUNTO DE ACCESO ADICIONAL DE MATERIA--TÉRMINO DE MATERIA |
| Término de materia o nombre geográfico como elemento de entrada |
Caza- |
| Subdivisión geográfica |
España- |
| Subdivisión de forma |
Historia |
| Fuente del encabezamiento o término |
embne |
| 9 (RLIN) |
233952 |
| 651 #4 - PUNTO DE ACCESO ADICIONAL DE MATERIA--NOMBRE GEOGRÁFICO |
| Nombre geográfico |
España- |
| Subdivisión general |
Restos arqueológicos prehistóricos |
| Fuente del encabezamiento o término |
embne |
| 9 (RLIN) |
8490 |
| 830 #0 - PUNTO DE ACCESO ADICIONAL DE SERIE-TÍTULO UNIFORME |
| Título uniforme |
Artes, técnicas, humanidades |
| Designación de volumen o secuencia |
1 |
| 9 (RLIN) |
233953 |
| 852 ## - LOCALIZACIÓN |
| Ubicación |
ES-MaACL |
| itemnumber |
200407 |
| Sublocalización o colección |
R.153486 |
| Número de control de estantería |
N-8569 |
| Ubicación en estantería |
Depósito J |
| Marcas de propiedad |
Tapadas con corrector |
| Donativo/Legado |
Donación: Arturo Bravo |
| Nota libre |
En proceso |
| 903 ## - NOMBRE PERSONAL DE DONANTE |
| 9 |
234203 |
| a |
Bravo, Arturo |
| e |
Donante |
| 942 ## - ELEMENTOS DE ENTRADA SECUNDARIOS (KOHA) |
| Suprimir en OPAC |
No |
| Tipo de ítem Koha |
Libro impreso |
| 956 ## - LOCALIZACIÓN Y ACCESO ELECTRÓNICOS LOCAL (OCLC) |
| Nombre del host |
1 2 |